[Event "Mittelfranken-chTB2b 1920"]
[Site "Mittelfranken"]
[Date "2020.04.26"]
[Round "9.1"]
[White "Wagner, Florian"]
[Black "Manthey, Frank"]
[Result "1-0"]
[WhiteElo "2192"]
[BlackElo "2071"]
[PlyCount "59"]
[EventDate "2019.10.13"]
[EventType "team-tourn"]
[EventRounds "9"]
[EventCountry "GER"]
[SourceTitle "EXT 2023"]
[Source "ChessBase"]
[SourceDate "2022.10.05"]
[SourceVersion "1"]
[SourceVersionDate "2022.10.05"]
[SourceQuality "1"]
[WhiteTeam "Nuernberg NT IV"]
[BlackTeam "Schwanstetten"]
[WhiteTeamCountry "GER"]
[BlackTeamCountry "GER"]

1. d4 d5 2. Nf3 Nf6 3. e3 e6 4. b3 c5 5. Bb2 Nc6 6. Bd3 Be7 7. 0-0 0-0 8. Nbd2 b6 9. Ne5 Bb7 10. f4 Nb4 11. Be2 cxd4 12. exd4 Rc8 13. c4 Na6 14. Rc1 Nc7 15. c5 bxc5 16. dxc5 Na6 17. b4 Nxb4 18. Nb3 Ne4 19. Qd4 f6 20. Qxb4 fxe5 21. Qxb7 Nxc5 22. Qb4 Rb8 23. Qc3 Nxb3 24. axb3 Qb6+ 25. Kh1 Qxb3 26. Qxb3 Rxb3 27. Bxe5 Bf6 28. Bd6 Rd8 29. Bc7 Re8 30. Bf3 1-0

[Event "GER-ch Net Amateur Gr-A Vor2"]
[Site "Playchess.com INT"]
[Date "2020.04.15"]
[Round "2"]
[White "Manthey, Frank"]
[Black "Henning, Marvin"]
[Result "0-1"]
[WhiteElo "1762"]
[BlackElo "2142"]
[PlyCount "60"]
[EventDate "2020.04.15"]
[EventType "swiss (blitz)"]
[EventRounds "9"]
[EventCountry "GER"]
[SourceTitle "CBM 196 Extra"]
[Source "ChessBase"]
[SourceDate "2020.07.31"]
[SourceVersion "1"]
[SourceVersionDate "2020.07.31"]
[SourceQuality "1"]

1. e4 d5 2. exd5 Qxd5 3. Nc3 Qd6 4. Nf3 Nf6 5. Bc4 c6 6. Qe2 Bf5 7. d3 e6 8. Bg5 Nbd7 9. 0-0-0 Be7 10. h3 h6 11. Bh4 Qb4 12. Nd4 Bg6 13. Bxe6 fxe6 14. Nxe6 Qxh4 15. Nc7+ Kd8 16. Nxa8 Re8 17. g3 Qg5+ 18. f4 Qa5 19. Qf3 Bb4 20. d4 Ne4 21. f5 Nxc3 22. bxc3 Ba3+ 23. Kd2 Bf7 24. Qf4 Be7 25. h4 g5 26. Qf2 Nf6 27. Rhe1 Kd7 28. hxg5 hxg5 29. Rxe7+ Rxe7 30. Rb1 Ne4+ 0-1

[Event "Mittelfranken-chTB2b 1920"]
[Site "Mittelfranken"]
[Date "2020.03.22"]
[Round "8.1"]
[White "Manthey, Frank"]
[Black "Nemeth Csoka, Mihaly"]
[Result "1-0"]
[WhiteElo "2071"]
[BlackElo "1802"]
[PlyCount "79"]
[EventDate "2019.10.13"]
[EventType "team-tourn"]
[EventRounds "9"]
[EventCountry "GER"]
[SourceTitle "EXT 2023"]
[Source "ChessBase"]
[SourceDate "2022.10.05"]
[SourceVersion "1"]
[SourceVersionDate "2022.10.05"]
[SourceQuality "1"]
[WhiteTeam "Schwanstetten"]
[BlackTeam "Grossenseebach"]
[WhiteTeamCountry "GER"]
[BlackTeamCountry "GER"]

1. e4 d6 2. d4 e5 3. dxe5 dxe5 4. Qxd8+ Kxd8 5. Bc4 f6 6. Be3 Nd7 7. Nc3 Bc5 8. Bxc5 Nxc5 9. 0-0-0+ Nd7 10. f4 exf4 11. Nf3 c6 12. e5 Kc7 13. e6 Ne5 14. Nxe5 fxe5 15. Rhe1 b5 16. Bb3 a5 17. a3 b4 18. Na4 Nf6 19. Rxe5 Re8 20. Nc5 Re7 21. a4 Ng4 22. Rf5 Nf6 23. Rxf4 Kb6 24. Rf5 Nd5 25. Bxd5 Kxc5 26. Bb3+ Kb6 27. Rf7 Raa7 28. Re1 Kc5 29. Rf8 Rac7 30. Kd2 Kb6 31. Re5 c5 32. Bd5 Bb7 33. Rb8 Ka7 34. Rxb7+ Rxb7 35. Bxb7 Kxb7 36. Kd3 Kc6 37. Kc4 Kb6 38. Kd5 c4 39. Kd6 Re8 40. e7 1-0

[Event "Mittelfranken-chTB2b 1920"]
[Site "Mittelfranken"]
[Date "2020.02.02"]
[Round "5.1"]
[White "Manthey, Frank"]
[Black "Boehme, Sebastian1111"]
[Result "0-1"]
[WhiteElo "2071"]
[BlackElo "2231"]
[PlyCount "100"]
[EventDate "2019.10.13"]
[EventType "team-tourn"]
[EventRounds "9"]
[EventCountry "GER"]
[SourceTitle "EXT 2023"]
[Source "ChessBase"]
[SourceDate "2022.10.05"]
[SourceVersion "1"]
[SourceVersionDate "2022.10.05"]
[SourceQuality "1"]
[WhiteTeam "Schwanstetten"]
[BlackTeam "Uttenreuth"]
[WhiteTeamCountry "GER"]
[BlackTeamCountry "GER"]

1. e4 e6 2. d4 d5 3. Nc3 Nf6 4. Bg5 Be7 5. e5 Nfd7 6. h4 c5 7. Bxe7 Kxe7 8. Qg4 Kf8 9. Nf3 cxd4 10. Qxd4 Nc6 11. Qf4 f6 12. exf6 Qxf6 13. Qd6+ Qe7 14. Qxe7+ Kxe7 15. 0-0-0 Rf8 16. Re1 Nf6 17. Bd3 a6 18. Re2 Kd6 19. Rhe1 Bd7 20. Ng5 Nd4 21. Rd2 h6 22. Nh7 Rh8 23. Nxf6 gxf6 24. Bg6 Nc6 25. f4 f5 26. Bh5 Rhg8 27. Bf3 Rae8 28. Red1 Ke7 29. a4 Rd8 30. Ne2 Na5 31. b3 b5 32. axb5 axb5 33. Nd4 b4 34. Re1 Kf6 35. Rde2 Rde8 36. Kb2 Nb7 37. Ra1 Ra8 38. Rae1 Rae8 39. Bh5 Re7 40. Re5 Nd6 41. Ra1 Nb5 42. Nxb5 Bxb5 43. Bf3 Rc7 44. Ree1 Rgc8 45. Bd1 d4 46. Ra5 Bc6 47. Ra6 Be4 48. Rb6 Rxc2+ 49. Bxc2 Rxc2+ 50. Ka1 d3 0-1

[Event "Mittelfranken-chTB2b 1819"]
[Site "Mittelfranken"]
[Date "2019.04.28"]
[Round "9.1"]
[White "Johanni, Harald"]
[Black "Manthey, Frank"]
[Result "0-1"]
[WhiteElo "1892"]
[BlackElo "2078"]
[PlyCount "98"]
[EventDate "2018.10.14"]
[EventType "team-tourn"]
[EventRounds "9"]
[EventCountry "GER"]
[SourceTitle "EXT 2022"]
[Source "ChessBase"]
[SourceDate "2021.10.06"]
[SourceVersion "1"]
[SourceVersionDate "2021.10.06"]
[SourceQuality "1"]
[WhiteTeam "Nuernberg Anderssen"]
[BlackTeam "Schwanstetten"]
[WhiteTeamCountry "GER"]
[BlackTeamCountry "GER"]

1. e4 c5 2. Nf3 Nc6 3. d4 cxd4 4. Nxd4 g6 5. c4 Nf6 6. Nc3 Nxd4 7. Qxd4 d6 8. Be3 Bg7 9. f3 0-0 10. Qd2 Be6 11. Rc1 Qa5 12. Nd5 Qxd2+ 13. Kxd2 Bxd5 14. cxd5 Rfc8 15. Rxc8+ Rxc8 16. g3 Nd7 17. Bh3 Rc7 18. Bxd7 Rxd7 19. b3 a6 20. Rc1 f5 21. Kd3 Kf7 22. g4 e6 23. g5 Ke7 24. h4 exd5 25. exd5 Rd8 26. Bb6 Rd7 27. Re1+ Kf7 28. Re6 Be5 29. Bd4 Re7 30. Bxe5 dxe5 31. Rf6+ Ke8 32. h5 e4+ 33. fxe4 fxe4+ 34. Ke3 gxh5 35. Rf4 Kd7 36. Rxe4 Rg7 37. Re5 h4 38. Kd4 h3 39. Re3 Rxg5 40. Rxh3 h5 41. Kc5 Kc7 42. a4 b6+ 43. Kc4 Rg4+ 44. Kd3 h4 45. Ke3 Rg3+ 46. Rxg3 hxg3 47. Kf3 Kd6 48. Kxg3 Kxd5 49. Kf3 Kd4 0-1

[Event "Mittelfranken-chTB2b 1819"]
[Site "Mittelfranken"]
[Date "2019.01.27"]
[Round "4.1"]
[White "Manthey, Frank"]
[Black "Hetzner, Helmut"]
[Result "1-0"]
[WhiteElo "2078"]
[BlackElo "1873"]
[PlyCount "63"]
[EventDate "2018.10.14"]
[EventType "team-tourn"]
[EventRounds "9"]
[EventCountry "GER"]
[SourceTitle "EXT 2022"]
[Source "ChessBase"]
[SourceDate "2021.10.06"]
[SourceVersion "1"]
[SourceVersionDate "2021.10.06"]
[SourceQuality "1"]
[WhiteTeam "Schwanstetten"]
[BlackTeam "Muehlhof/Schwabach II"]
[WhiteTeamCountry "GER"]
[BlackTeamCountry "GER"]

1. e4 e6 2. d4 d5 3. Nc3 Nf6 4. Bg5 Be7 5. e5 Nfd7 6. h4 a6 7. Qg4 Kf8 8. Nf3 c5 9. 0-0-0 Nc6 10. Be3 b5 11. Rh3 f5 12. Qf4 cxd4 13. Bxd4 h5 14. Rg3 Nxd4 15. Nxd4 Nb6 16. Nc6 Qe8 17. Nxe7 Qxe7 18. Rg5 Bd7 19. Qd4 Rb8 20. Ne2 Be8 21. Nf4 Rh6 22. Rd3 Nc4 23. Be2 Qc7 24. Rdg3 Qxe5 25. Qxe5 Nxe5 26. Rxg7 Ng4 27. Ra7 Nxf2 28. Rxa6 Ne4 29. Re3 d4 30. Rxe6 Rh7 31. Ra3 Rc7 32. Rxe4 1-0

[Event "Mittelfranken-chTB2b 1718"]
[Site "Mittelfranken"]
[Date "2018.03.04"]
[Round "6.1"]
[White "Boehme, Markus"]
[Black "Manthey, Frank"]
[Result "1/2-1/2"]
[WhiteElo "2054"]
[BlackElo "2049"]
[PlyCount "166"]
[EventDate "2017.10.08"]
[EventType "team-tourn"]
[EventRounds "9"]
[EventCountry "GER"]
[SourceTitle "EXT 2022"]
[Source "ChessBase"]
[SourceDate "2021.10.06"]
[SourceVersion "1"]
[SourceVersionDate "2021.10.06"]
[SourceQuality "1"]
[WhiteTeam "Uttenreuth"]
[BlackTeam "Schwanstetten"]
[WhiteTeamCountry "GER"]
[BlackTeamCountry "GER"]

1. d4 d5 2. c4 e6 3. Nf3 Nf6 4. g3 Be7 5. Bg2 0-0 6. 0-0 dxc4 7. Qc2 a6 8. a4 Bd7 9. Rd1 Bc6 10. Nc3 Nbd7 11. e4 b5 12. d5 exd5 13. e5 Ne4 14. Nd4 Bb7 15. Nxe4 dxe4 16. Bxe4 Bxe4 17. Qxe4 Nc5 18. Qg4 h5 19. Qxh5 g6 20. Qg4 Qc8 21. Qxc8 Rfxc8 22. axb5 axb5 23. Rxa8 Rxa8 24. Nxb5 Ra1 25. Nc3 Nd3 26. Bd2 Ra5 27. f4 Nxb2 28. Rb1 Nd3 29. Rb7 Ra7 30. Rxa7 Bc5+ 31. Kg2 Bxa7 32. Nb5 Bb6 33. Kf3 c6 34. Nd6 Nb2 35. Bc3 Na4 36. Nxc4 Bc5 37. Bd2 Bg1 38. Be3 Bxe3 39. Kxe3 Kf8 40. Na5 c5 41. Kd3 Ke7 42. Kc4 Ke6 43. Nb7 Nb2+ 44. Kxc5 Nd3+ 45. Kd4 Nf2 46. Nc5+ Kf5 47. Nd3 Nh3 48. Ke3 g5 49. Kf3 gxf4 50. gxf4 Ng1+ 51. Kf2 Nh3+ 52. Ke3 f6 53. exf6 Kxf6 54. Nf2 Ng1 55. Ke4 Ne2 56. Ng4+ Kg6 57. f5+ Kg5 58. Ne3 Kf6 59. Nd5+ Kf7 60. Ke5 Ng1 61. Kf4 Nh3+ 62. Kg3 Ng5 63. h4 Ne4+ 64. Kf4 Nd6 65. Nc3 Kg7 66. Ne4 Nf7 67. Ng5 Nh6 68. Ke5 Ng4+ 69. Ke6 Nf6 70. Nf3 Nh5 71. Ke5 Kf7 72. Ng5+ Kg7 73. Ne4 Kf7 74. f6 Kg6 75. Ke6 Nf4+ 76. Kd6 Kf7 77. Ke5 Ng6+ 78. Kf5 Nxh4+ 79. Kg4 Ng6 80. Kg5 Nf8 81. Kf5 Nd7 82. Nd6+ Kf8 83. f7 Ke7 1/2-1/2

[Event "Mittelfranken-chTB2b 1516"]
[Site "Mittelfranken"]
[Date "2016.02.28"]
[Round "7.1"]
[White "Beesk, Kevin"]
[Black "Manthey, Frank"]
[Result "1-0"]
[WhiteElo "2011"]
[BlackElo "2019"]
[PlyCount "123"]
[EventDate "2015.10.18"]
[EventType "team-tourn"]
[EventRounds "9"]
[EventCountry "GER"]
[SourceTitle "EXT 2020"]
[Source "ChessBase"]
[SourceDate "2019.10.17"]
[SourceVersion "1"]
[SourceVersionDate "2019.10.17"]
[SourceQuality "1"]
[WhiteTeam "Neumarkt"]
[BlackTeam "Schwanstetten"]
[WhiteTeamCountry "GER"]
[BlackTeamCountry "GER"]

1. e4 c5 2. Nc3 Nc6 3. f4 g6 4. Nf3 Bg7 5. Bb5 Nd4 6. 0-0 a6 7. Bd3 b5 8. Nxd4 cxd4 9. Ne2 Bb7 10. c3 dxc3 11. bxc3 Nf6 12. Ng3 d6 13. Qe2 Nd7 14. Rb1 Qc7 15. Bb2 0-0 16. Kh1 Nb6 17. Ba1 Rab8 18. Rbe1 Nc4 19. Bc2 Ba8 20. Bb3 Rbc8 21. d4 Qb7 22. f5 Bh6 23. Rf3 Nd2 24. Rd3 Nxb3 25. axb3 Qc7 26. Bb2 Bg7 27. Qg4 Qd7 28. h4 Kh8 29. h5 gxf5 30. Nxf5 Bf6 31. Rg3 Rg8 32. Qf3 Rxg3 33. Nxg3 Bh4 34. Re3 Bxg3 35. Qxg3 Rg8 36. Qf3 f5 37. d5 Rg5 38. c4+ Kg8 39. exf5 Qxf5 40. Qxf5 Rxf5 41. Rxe7 bxc4 42. bxc4 Bxd5 43. cxd5 Rxh5+ 44. Kg1 Rxd5 45. Rg7+ Kf8 46. Rxh7 Rd2 47. Bc3 Rd3 48. Bb4 Rd4 49. Be1 Rd1 50. Kf2 d5 51. Ra7 Ra1 52. Bd2 Ra2 53. Ke2 Kg8 54. g4 Ra3 55. g5 d4 56. Rd7 a5 57. Rxd4 Kg7 58. Rd6 a4 59. Ra6 Ra2 60. Kd3 Ra3+ 61. Bc3+ Kg8 62. g6 1-0

[Event "Mittelfranken-chTB2b 1415"]
[Site "Mittelfranken"]
[Date "2014.09.28"]
[Round "1.1"]
[White "Manthey, Frank"]
[Black "Hanisch, Friedrich"]
[Result "1/2-1/2"]
[WhiteElo "2019"]
[BlackElo "2054"]
[PlyCount "88"]
[EventDate "2014.09.28"]
[EventType "team-tourn"]
[EventRounds "9"]
[EventCountry "GER"]
[SourceTitle "EXT 2020"]
[Source "ChessBase"]
[SourceDate "2019.10.17"]
[SourceVersion "1"]
[SourceVersionDate "2019.10.17"]
[SourceQuality "1"]
[WhiteTeam "Schwanstetten"]
[BlackTeam "Lauf SV"]
[WhiteTeamCountry "GER"]
[BlackTeamCountry "GER"]

1. e4 e6 2. d4 d5 3. Nc3 Nf6 4. Bg5 Be7 5. e5 Nfd7 6. h4 Nc6 7. Nf3 h6 8. Be3 a6 9. Nd2 Ndxe5 10. dxe5 d4 11. Bxd4 Qxd4 12. Nf3 Qxd1+ 13. Rxd1 Bd7 14. Bd3 Bb4 15. 0-0 0-0-0 16. Ne4 Be7 17. c3 f5 18. exf6 gxf6 19. Rfe1 f5 20. Ng3 Bd6 21. Bc4 e5 22. Nh5 Rdf8 23. Bd5 e4 24. Nd4 Nxd4 25. Rxd4 Rh7 26. Ng3 Rg7 27. Nf1 Rf6 28. g3 Rfg6 29. Kg2 Rg4 30. Ne3 Rxh4 31. Nc4 Bc5 32. Bxb7+ Kxb7 33. Rxd7 Rxd7 34. gxh4 Rg7+ 35. Kf1 Rg4 36. b4 Ba7 37. Na5+ Kb6 38. Rd1 Rxh4 39. Rd5 f4 40. Rf5 f3 41. Kg1 Rg4+ 42. Kf1 Rh4 43. Kg1 Rg4+ 44. Kf1 Rh4 1/2-1/2

[Event "Mittelfranken-chTB1 1314"]
[Site "Mittelfranken"]
[Date "2014.03.09"]
[Round "7.1"]
[White "Fuchs, Gerhard"]
[Black "Manthey, Frank"]
[Result "1-0"]
[WhiteElo "2034"]
[BlackElo "2019"]
[PlyCount "65"]
[EventDate "2013.10.20"]
[EventType "team-tourn"]
[EventRounds "9"]
[EventCountry "GER"]
[SourceTitle "EXT 2020"]
[Source "ChessBase"]
[SourceDate "2019.10.17"]
[SourceVersion "1"]
[SourceVersionDate "2019.10.17"]
[SourceQuality "1"]
[WhiteTeam "Nuernberg SK 1911"]
[BlackTeam "Schwanstetten"]
[WhiteTeamCountry "GER"]
[BlackTeamCountry "GER"]

1. Nf3 d5 2. g3 Nf6 3. Bg2 c6 4. 0-0 Bg4 5. b3 e6 6. Bb2 Nbd7 7. d3 Bd6 8. Nbd2 e5 9. c4 0-0 10. h3 Bh5 11. Nh4 Bg6 12. Nxg6 hxg6 13. e3 Re8 14. Qc2 Nf8 15. c5 Bc7 16. b4 Qd7 17. Nb3 Ne6 18. a4 a6 19. Rab1 Nh7 20. Kh2 f5 21. f4 exf4 22. exf4 Nf6 23. Rbe1 Nf8 24. Be5 Re7 25. Re2 Rae8 26. Rfe1 Kf7 27. Nd4 Qc8 28. Qb3 Ne6 29. Nf3 Nd7 30. Bd6 Ndf8 31. Qb2 Bxd6 32. cxd6 Rd7 33. Ng5+ 1-0

[Event "Mittelfranken-chTB1 1213"]
[Site "Germany"]
[Date "2012.10.21"]
[Round "2.1"]
[White "Walter, Thomas"]
[Black "Manthey, Frank"]
[Result "1-0"]
[WhiteElo "2017"]
[BlackElo "2067"]
[PlyCount "143"]
[EventDate "2012.10.07"]
[EventType "team-tourn"]
[EventRounds "9"]
[EventCountry "GER"]
[SourceTitle "EXT 2019"]
[Source "ChessBase"]
[SourceDate "2018.10.10"]
[SourceVersion "1"]
[SourceVersionDate "2018.10.10"]
[SourceQuality "1"]
[WhiteTeam "Erlangen SC II"]
[BlackTeam "Schwanstetten"]
[WhiteTeamCountry "GER"]
[BlackTeamCountry "GER"]

1. e4 c5 2. Nf3 Nc6 3. d4 cxd4 4. Nxd4 g6 5. Nc3 Bg7 6. Be3 Nf6 7. Bc4 0-0 8. Bb3 a5 9. 0-0 d6 10. Ndb5 a4 11. Nxa4 Nxe4 12. Qe2 Nf6 13. Bb6 Qd7 14. Rad1 Qf5 15. Nc7 Rb8 16. Nc3 Nd7 17. Be3 Nc5 18. Rd5 Qd7 19. Bxc5 Qxc7 20. Nb5 Qa5 21. Nxd6 Be6 22. Nc4 Qa6 23. Rd2 Rfd8 24. Rfd1 Rxd2 25. Rxd2 b5 26. Na3 Bxb3 27. cxb3 e6 28. g3 Ne5 29. Bd6 Rd8 30. Bxe5 Rxd2 31. Qxd2 Bxe5 32. Qe2 Bf6 33. Qxb5 Qa8 34. Nc4 Qxa2 35. Qe8+ Kg7 36. Nd6 Qa7 37. Qa4 Bd4 38. Qxa7 Bxa7 39. b4 Kf8 40. b5 Bb8 41. Nc4 e5 42. b6 Ke7 43. b4 Ke6 44. b5 Kd7 45. Kf1 f5 46. Ke2 Kc8 47. Kd3 Kb7 48. Kc3 g5 49. Kb4 e4 50. Kc5 f4 51. Na5+ Kc8 52. b7+ Kc7 53. b6+ Kd7 54. Nc6 Bd6+ 55. Kd5 e3 56. fxe3 fxe3 57. Nd4 h5 58. Nf5 e2 59. Nxd6 e1Q 60. b8Q Qe6+ 61. Kd4 Qf6+ 62. Kc5 Qe5+ 63. Kb4 Qb2+ 64. Kc4 Qc2+ 65. Kd4 Qd2+ 66. Ke5 Qb2+ 67. Kf5 Qf2+ 68. Kg6 Ke6 69. Qd8 Qc2+ 70. Kh6 g4 71. Qg8+ Kxd6 72. Qg6+ 1-0

[Event "Mittelfranken-chTB2b 1112"]
[Site "Germany"]
[Date "2012.02.05"]
[Round "6.2"]
[White "Manthey, Frank"]
[Black "Mueller, Maximilian1111"]
[Result "1-0"]
[WhiteElo "2062"]
[BlackElo "1775"]
[PlyCount "83"]
[EventDate "2011.09.25"]
[EventType "team-tourn"]
[EventRounds "9"]
[EventCountry "GER"]
[SourceTitle "EXT 2013"]
[Source "ChessBase"]
[SourceDate "2012.11.22"]
[SourceVersion "1"]
[SourceVersionDate "2012.11.22"]
[SourceQuality "1"]
[WhiteTeam "Schwanstetten"]
[BlackTeam "Buechenbach/Roth II"]
[WhiteTeamCountry "GER"]
[BlackTeamCountry "GER"]

1. e4 e5 2. Nf3 Nc6 3. Bb5 Nf6 4. 0-0 Bc5 5. c3 0-0 6. d4 exd4 7. cxd4 Bb6 8. Nc3 d6 9. h3 h6 10. Be3 Ne7 11. Qc2 d5 12. e5 Bf5 13. Bd3 Bxd3 14. Qxd3 Nd7 15. Rad1 c6 16. Nh4 Re8 17. f4 Kh8 18. Kh1 Nf8 19. f5 Ng8 20. Nf3 Qe7 21. Qd2 f6 22. Rde1 Qf7 23. Ne2 Bc7 24. Bf4 g5 25. fxg6 Qxg6 26. Nh4 Qh5 27. Bg3 Qg5 28. Qd3 fxe5 29. Nf3 Qg7 30. Nxe5 Nf6 31. Qf5 Ba5 32. Qxf6 Bxe1 33. Qxg7+ Kxg7 34. Rf7+ Kg8 35. Bxe1 Rab8 36. Bg3 Ng6 37. Rf6 Nxe5 38. Bxe5 Rbc8 39. Nf4 c5 40. Rg6+ Kf7 41. Rg7+ Kf8 42. Ng6# 1-0

[Event "Mittelfranken-chTB2b 1112"]
[Site "Germany"]
[Date "2012.01.15"]
[Round "5.2"]
[White "Kuhmann, Peter"]
[Black "Manthey, Frank"]
[Result "0-1"]
[WhiteElo "1934"]
[BlackElo "2062"]
[PlyCount "106"]
[EventDate "2011.09.25"]
[EventType "team-tourn"]
[EventRounds "9"]
[EventCountry "GER"]
[SourceTitle "EXT 2013"]
[Source "ChessBase"]
[SourceDate "2012.11.22"]
[SourceVersion "1"]
[SourceVersionDate "2012.11.22"]
[SourceQuality "1"]
[WhiteTeam "Kirchehrenbach/Ebermannstadt"]
[BlackTeam "Schwanstetten"]
[WhiteTeamCountry "GER"]
[BlackTeamCountry "GER"]

1. c4 Nf6 2. d4 e6 3. Nf3 d5 4. e3 Be7 5. Be2 0-0 6. 0-0 Nbd7 7. b3 c5 8. Bb2 b6 9. Nc3 Bb7 10. Rc1 Rc8 11. dxc5 Nxc5 12. cxd5 Nxd5 13. Nxd5 Bxd5 14. b4 Ne4 15. a3 Rxc1 16. Qxc1 Qa8 17. Qa1 Bf6 18. Rc1 Rc8 19. Bd3 Rxc1+ 20. Qxc1 Bxb2 21. Qxb2 Qc8 22. Qc2 Qxc2 23. Bxc2 Nd6 24. Nd4 Kf8 25. Bd3 Ke7 26. Kf1 Kd7 27. g3 e5 28. Nc2 Bb3 29. Ne1 e4 30. Bc2 Bc4+ 31. Kg1 Ke6 32. Ng2 g5 33. Ne1 f5 34. f3 Kd5 35. Kf2 Ba2 36. h4 h6 37. hxg5 hxg5 38. g4 fxg4 39. fxg4 Nc4 40. a4 Nd6 41. Bd1 Kc4 42. Ke2 Kxb4 43. Nc2+ Kxa4 44. Kd2 Kb5 45. Kc3 Kc5 46. Be2 b5 47. Nb4 Bc4 48. Bd1 a5 49. Nc2 b4+ 50. Kb2 Nb5 51. Na1 Nc3 52. Bb3 a4 53. Bc2 Be2 0-1

[Event "Mittelfranken-chTB2b 1112"]
[Site "Germany"]
[Date "2011.11.20"]
[Round "3.2"]
[White "Sattler, Stefan"]
[Black "Manthey, Frank"]
[Result "1/2-1/2"]
[WhiteElo "2029"]
[BlackElo "2062"]
[PlyCount "63"]
[EventDate "2011.09.25"]
[EventType "team-tourn"]
[EventRounds "9"]
[EventCountry "GER"]
[SourceTitle "EXT 2013"]
[Source "ChessBase"]
[SourceDate "2012.11.22"]
[SourceVersion "1"]
[SourceVersionDate "2012.11.22"]
[SourceQuality "1"]
[WhiteTeam "Herzogenaurach"]
[BlackTeam "Schwanstetten"]
[WhiteTeamCountry "GER"]
[BlackTeamCountry "GER"]

1. e4 c5 2. Nf3 Nc6 3. Bb5 g6 4. 0-0 Bg7 5. c3 Nf6 6. d4 d5 7. Ne5 Bd7 8. Nxd7 Qxd7 9. e5 Ng8 10. Be3 cxd4 11. cxd4 Nh6 12. Nc3 0-0 13. f3 Nf5 14. Bf2 e6 15. Ne2 f6 16. f4 Rfc8 17. Qd2 a6 18. Bd3 Nfe7 19. a3 Na7 20. Nc3 Rc7 21. Rfe1 f5 22. Bh4 b5 23. Bxe7 Qxe7 24. Rac1 Rac8 25. Na2 Nc6 26. Bf1 Qd8 27. b4 Na7 28. g3 Bf8 29. Kf2 Rxc1 30. Rxc1 Rc7 31. Rxc7 Qxc7 32. Qc3 1/2-1/2

[Event "Mittelfranken-chTB2b 1112"]
[Site "Germany"]
[Date "2011.10.23"]
[Round "2.2"]
[White "Manthey, Frank"]
[Black "Semerow, Anatoli"]
[Result "1-0"]
[WhiteElo "2062"]
[BlackElo "1907"]
[PlyCount "68"]
[EventDate "2011.09.25"]
[EventType "team-tourn"]
[EventRounds "9"]
[EventCountry "GER"]
[SourceTitle "EXT 2013"]
[Source "ChessBase"]
[SourceDate "2012.11.22"]
[SourceVersion "1"]
[SourceVersionDate "2012.11.22"]
[SourceQuality "1"]
[WhiteTeam "Schwanstetten"]
[BlackTeam "Erlangen Siemens"]
[WhiteTeamCountry "GER"]
[BlackTeamCountry "GER"]

1. e4 e5 2. Nf3 Nf6 3. Nxe5 Nxe4 4. Qe2 Qe7 5. Qxe4 d6 6. d4 dxe5 7. dxe5 Nc6 8. Bb5 Bd7 9. 0-0 0-0-0 10. Nc3 Nxe5 11. Be3 Bxb5 12. Nxb5 Nc6 13. Qf4 Kb8 14. Rfd1 Rc8 15. c3 f6 16. Qc4 g5 17. Re1 Qg7 18. Qe6 Rd8 19. Rad1 Be7 20. Rd7 Rxd7 21. Qxd7 Rd8 22. Qxc7+ Ka8 23. Qg3 Ne5 24. Nc7+ Kb8 25. Ne6 Qg8 26. Nxd8 Bxd8 27. Bxg5 Qxa2 28. f4 Nc6 29. f5+ Kc8 30. Bc1 Qd5 31. Qf3 Qb5 32. Rd1 Ne7 33. Qd3 Bb6+ 34. Kh1 Nxf5 1-0

[Event "Nuremberg Zabo op 13th"]
[Site "Nuremberg"]
[Date "2011.09.17"]
[Round "3"]
[White "Lemke, Johannes"]
[Black "Manthey, Frank"]
[Result "1/2-1/2"]
[WhiteElo "2002"]
[BlackElo "2062"]
[PlyCount "32"]
[EventDate "2011.09.16"]
[EventType "swiss"]
[EventRounds "5"]
[EventCountry "GER"]
[SourceTitle "EXT 2013"]
[Source "ChessBase"]
[SourceDate "2012.11.22"]
[SourceVersion "1"]
[SourceVersionDate "2012.11.22"]
[SourceQuality "1"]

1. d4 d5 2. Nf3 Nf6 3. Bf4 e6 4. e3 c5 5. c3 Nc6 6. Nbd2 Bd6 7. Bxd6 Qxd6 8. Bd3 0-0 9. 0-0 e5 10. dxe5 Nxe5 11. Nxe5 Qxe5 12. Re1 Bf5 13. Nf3 Qe6 14. Ng5 Qd7 15. e4 dxe4 16. Nxe4 Bxe4 1/2-1/2